Der evolutionäre Humanismus: zehn Essays über die Leitgedanken und Probleme
| Contributors: | |
|---|---|
| Format: | Print Book |
| Language: | German |
| Published: |
München
Verlag C. H. Beck
1964
|
| In: | Year: 1964 |
| Online Access: |
Table of Contents Table of Contents |
| Availability in Tübingen: | Present in Tübingen. IFK: Q I 32 |
| Check availability: | HBZ Gateway |
| Subito Delivery Service: | Order now. |
| Keywords: |
MARC
| LEADER | 00000cam a2200000 c 4500 | ||
|---|---|---|---|
| 001 | 1103757717 | ||
| 003 | DE-627 | ||
| 005 | 20260206204948.0 | ||
| 007 | tu | ||
| 008 | 930616s1964 gw ||||| 00| ||ger c | ||
| 035 | |a (DE-627)1103757717 | ||
| 035 | |a (DE-603)051336316 | ||
| 035 | |a (DE-576)033757712 | ||
| 035 | |a (DE-599)BSZ033757712 | ||
| 035 | |a (OCoLC)19063282 | ||
| 035 | |a (OCoLC)219203071 | ||
| 035 | |a (DE-604)8028910478 | ||
| 035 | |a (AT-OBV)AC00639447 | ||
| 040 | |a DE-627 |b ger |c DE-627 |e rda | ||
| 041 | |a ger |h eng | ||
| 044 | |c XA-DE-BY |c XA-DE | ||
| 084 | |a 1 |2 ssgn | ||
| 084 | |a CC 8200 |2 rvk |0 (DE-625)rvk/17701: | ||
| 084 | |a BF 7191 |2 rvk |0 (DE-625)rvk/11143:11597 | ||
| 084 | |a CB 4150 |2 rvk |0 (DE-625)rvk/17586: | ||
| 084 | |a BF 1800 |2 rvk |0 (DE-625)rvk/10906: | ||
| 084 | |2 rvk |0 (DE-625)rvk17701 | ||
| 084 | |a 08.25 |2 bkl | ||
| 245 | 0 | 4 | |a Der evolutionäre Humanismus |b zehn Essays über die Leitgedanken und Probleme |c herausgegeben von Julian Huxley |
| 264 | 1 | |a München |b Verlag C. H. Beck |c 1964 | |
| 300 | |a 267 Seiten |c 21 cm | ||
| 336 | |a Text |b txt |2 rdacontent | ||
| 337 | |a ohne Hilfsmittel zu benutzen |b n |2 rdamedia | ||
| 338 | |a Band |b nc |2 rdacarrier | ||
| 490 | 0 | |a Beck'sche schwarze Reihe |v 31 | |
| 500 | |a Literaturverzeichnis: Seite 257-264 | ||
| 505 | 8 | |a Literaturverz. S. [257] - 264 | |
| 583 | 1 | |a Archivierung/Langzeitarchivierung gewährleistet |f SSG |x XA-DE-BW |2 pdager |5 DE-21 | |
| 650 | 0 | 7 | |0 (DE-588)7528589-7 |0 (DE-627)512287147 |0 (DE-576)254037909 |a Evolutionärer Humanismus |2 gnd |
| 650 | 0 | 7 | |0 (DE-588)4026140-2 |0 (DE-627)104483946 |0 (DE-576)208965130 |a Humanismus |2 gnd |
| 650 | 4 | |a Mensch, Humanismus | |
| 655 | 7 | |a Aufsatzsammlung |0 (DE-588)4143413-4 |0 (DE-627)105605727 |0 (DE-576)209726091 |2 gnd-content | |
| 689 | 0 | 0 | |d s |0 (DE-588)7528589-7 |0 (DE-627)512287147 |0 (DE-576)254037909 |a Evolutionärer Humanismus |2 gnd |
| 689 | 0 | |5 DE-101 | |
| 689 | 1 | 0 | |d s |0 (DE-588)7528589-7 |0 (DE-627)512287147 |0 (DE-576)254037909 |a Evolutionärer Humanismus |2 gnd |
| 689 | 1 | |5 (DE-627) | |
| 689 | 2 | 0 | |d s |0 (DE-588)4026140-2 |0 (DE-627)104483946 |0 (DE-576)208965130 |a Humanismus |2 gnd |
| 689 | 2 | |5 (DE-627) | |
| 700 | 1 | |a Huxley, Julian |d 1887-1975 |e HerausgeberIn |0 (DE-588)11855509X |0 (DE-627)136388655 |0 (DE-576)161528945 |4 edt | |
| 730 | 4 | 2 | |a The humanist frame <dt.> |
| 856 | 4 | 2 | |u http://scans.hebis.de/05/13/36/05133631_toc.pdf |m V:DE-603 |q application/pdf |3 Inhaltsverzeichnis |7 1 |
| 856 | 4 | 2 | |u http://scans.hebis.de/HEBCGI/show.pl?05133631_toc.pdf |m V:DE-603;B:DE-17 |q application/pdf |3 Inhaltsverzeichnis |7 1 |
| 889 | |w (DE-627)019793286 | ||
| 935 | |a mteo | ||
| 935 | |i mdedup | ||
| 935 | |h HEB |i 0501 | ||
| 935 | |h HEB |i 0503 | ||
| 936 | r | v | |a CC 8200 |b Abhandlungen |k Philosophie |k Systematische Philosophie |k Geschichts- und Kulturphilosophie |k Abhandlungen |0 (DE-627)1270639277 |0 (DE-625)rvk/17701: |0 (DE-576)200639277 |
| 936 | r | v | |a BF 7191 |b Sekundärliteratur |k Theologie und Religionswissenschaften |k Philosophie |k Quellen zur Philosophiegeschichte |k Neueste Zeit (ab ca. 1850) |k Autoren T |k Teilhard de Chardin, Pierre |k Sekundärliteratur |0 (DE-627)1271568829 |0 (DE-625)rvk/11143:11597 |0 (DE-576)201568829 |
| 936 | r | v | |a CB 4150 |b Aufsatzsammlungen verschiedener Gelehrter |k Philosophie |k Allgemeines |k Lexika, Nachschlagewerke, Enzyklopädien, Gesammelte Abhandlungen |k Aufsatzsammlungen verschiedener Gelehrter |0 (DE-627)1270638572 |0 (DE-625)rvk/17586: |0 (DE-576)200638572 |
| 936 | r | v | |a BF 1800 |b Aufsatzsammlungen |k Theologie und Religionswissenschaften |k Philosophie |k Philosophiegeschichte |k Festschriften |k Aufsatzsammlungen |0 (DE-627)1270719998 |0 (DE-625)rvk/10906: |0 (DE-576)200719998 |
| 936 | r | v | |0 (DE-625)rvk17701 |
| 936 | b | k | |a 08.25 |j Zeitgenössische westliche Philosophie |0 (DE-627)106403672 |
| 936 | s | n | |a b100 |2 mzub |
| 936 | s | n | |a c100 |2 mzub |
| 951 | |a BO | ||
| ELC | |b 1 | ||
| LOK | |0 000 xxxxxcx a22 zn 4500 | ||
| LOK | |0 001 2208820088 | ||
| LOK | |0 003 DE-627 | ||
| LOK | |0 004 1103757717 | ||
| LOK | |0 005 20020607000000 | ||
| LOK | |0 008 930616||||||||||||||||ger||||||| | ||
| LOK | |0 040 |a DE-21-110 |c DE-627 |d DE-21-110 | ||
| LOK | |0 852 |a DE-21-110 | ||
| LOK | |0 852 1 |c Q I 32 |m p |9 00 | ||
| LOK | |0 935 |a k110 | ||
| LOK | |0 936ln |a 2.1 | ||
| LOK | |0 938 |k p | ||
| LOK | |0 939 |a 16-06-93 |b l01 | ||
| ORI | |a SA-MARC-krimdoka001.raw | ||
| SIG | |a IFK: Q I 32 | ||
